Culture générale en 60 secondes #10 - Capitales - Statistiques

Statistiques générales
  • Ce quiz a été pris 73 fois
    44 depuis la dernière actualisation
  • Le résultat moyen est 5 sur 18
Statistiques - réponses
Indice Réponse % Correct
On y trouve la Porte de Brandebourg Berlin
89%
La Cité du Vatican y est enclavée Rome
83%
Ville de Frida Kahlo Mexico
69%
Le Kremlin est la résidence du président de son pays Moscou
63%
Connue pour ses tuk-tuks et sa street food Bangkok
49%
Se trouve entre la Roumanie et l'Ukraine Chișinău
40%
Son élévation moyenne est de -2 mètres par rapport au niveau de la mer Amsterdam
26%
Sa spécialité est le ceviche Lima
23%
C'est la capitale la plus au nord Reykjavik
17%
Musées remarquables : celui d'ABBA, des Vikings, du Prix Nobel... Stockholm
17%
Son club de foot s'appelle "GNK Dinamo" Zagreb
17%
Capitale la plus haute du monde en altitude La Paz
14%
Son centre historique a été le premier site déclaré à l'UNESCO Quito
9%
Remarquable pour ses jardins "supertrees" Singapour
9%
La montagne Table la surplombe Le Cap
3%
Célèbre pour son festival de musique, Bluesfest Ottawa
3%
Capitale des citadelles médiévales : Iraj et Karim Khan Téhéran
3%
Abrite le siège de l'Union africaine Addis-Abeba
0%
Aucun quiz correspondant
Distribution des résultats
% des personnes avec chaque résultat
Percentile par nombre de réponses
Votre historique - résultats
Vous n’avez pas pris ce quiz depuis la dernière actualisation